[Event "HUN-ch Rapid 2020"]
[Site "Ajka"]
[Date "2020.07.18"]
[Round "5.9"]
[White "Banusz, Tamas"]
[Black "Kovacs, Klara"]
[Result "1-0"]
[WhiteElo "2628"]
[BlackElo "2154"]
[Annotator "TA"]
[PlyCount "85"]
[EventDate "2020.07.17"]
[EventType "swiss"]
[EventCountry "HUN"]
[SourceTitle "playchess.com"]
[Source "ChessBase"]
[SourceQuality "1"]

{[%evp 9,85,33,31,-1,48,1,2,0,12,16,68,62,75,26,84,87,111,110,154,163,173,110,114,91,82,41,46,39,34,37,89,71,270,273,251,229,264,253,263,252,405,376,412,430,437,363,439,174,174,168,215,193,579,579,579,581,1198,1194,1106,743,5597,5385,5185,4608,5077,2867,29973,29974,29979,29981,29981,29982,29982,29983,29986,29981,29980,29980]} 1. Nf3 d5 2. g3 Bg4 3. Bg2 Nd7 4. O-O Ngf6 5. h3 Bxf3 6. Bxf3 {A07: Réti Opening: New York and Capablanca Systems.} e5 7. d3 (7. c4 $5) 7... c6 8. e4 {The position is equal.} Bd6 9. exd5 cxd5 (9... Nxd5 $11 10. Bd2 O-O) 10. c4 $14 O-O 11. Nc3 {[#]} Nb6 $146 (11... d4 $11 {remains equal.} 12. Nb5 Bc5) ({Predecessor:} 11... e4 12. dxe4 dxe4 13. Nxe4 Nxe4 14. Bxe4 Qc7 15. b3 Be5 16. Rb1 Rad8 17. Qf3 Nc5 {1-0 (25) Kilgus,G (2443)-Truppe,T (1891) Vienna 2014}) 12. cxd5 Bc7 13. Qb3 Qd7 14. Kg2 h6 15. a4 (15. Be3 $18) 15... Rfd8 $16 {[%cal Rb6d5]} 16. Rd1 Nbxd5 17. Nxd5 Nxd5 18. d4 Qe6 {White must now prevent ...Nf4+!} 19. Qc2 $1 Bb6 (19... exd4 $14 20. Rxd4 Bb6) 20. dxe5 Qxe5 $2 {[#] Loses the game.} (20... Nb4 $16 {was necessary.} 21. Qe4 Rxd1 22. Bxd1 Rd8) 21. a5 $1 $18 {[%cal Ra5b6,Ba4a5,Ba5a6][%mdl 32]} Bc5 22. Qc4 (22. Qxc5 $2 Nf4+ 23. Bxf4 Qxc5 $17) 22... Nf6 23. Bf4 Qe7 24. a6 b5 $2 (24... bxa6 25. Bxa8 (25. Qxa6 Rxd1 26. Rxd1 Re8 $14) 25... Rxa8 26. Qxa6 Bb6) 25. Qxb5 Rxd1 26. Rxd1 Re8 27. Rd2 Bb6 28. Re2 $2 (28. Rd6) 28... Qd8 29. Rxe8+ Nxe8 30. Qc6 Nc7 $2 {[#]} (30... Nf6 {is more resistant.} 31. b4 Ne8) 31. Qxb6 $3 {[%mdl 576] Promotion} axb6 32. a7 Qa8 33. Bxa8 Nxa8 {[%mdl 4096] Endgame KB-KN} 34. Kf3 Kf8 35. Ke4 Ke7 36. Kd5 Kd7 37. b4 {[%cal Bb2b4,Bb4b5][%mdl 32]} h5 38. h4 {White mates.} f6 39. b5 g6 40. Bb8 g5 41. Bd6 g4 42. Bf4 Kc8 43. Ke4 {Accuracy: White = 74%, Black = 46%.} 1-0

[Event "HUN-ch Rapid 2020"]
[Site "Ajka"]
[Date "2020.07.18"]
[Round "5.10"]
[White "Erdos, Viktor"]
[Black "Rigo, Janos"]
[Result "1-0"]
[WhiteElo "2618"]
[BlackElo "2238"]
[Annotator "TA"]
[PlyCount "67"]
[EventDate "2020.07.17"]
[EventType "swiss"]
[EventCountry "HUN"]
[SourceTitle "playchess.com"]
[Source "ChessBase"]
[SourceQuality "1"]

{[%evp 9,67,10,72,72,72,80,82,85,83,77,68,62,80,78,76,82,97,83,84,62,71,62,103,64,106,82,134,89,213,26,37,33,30,14,29,18,35,43,37,3,11,7,250,224,397,394,384,378,391,384,521,518,625,606,603,599,652,678,781,767]} 1. Nf3 c5 2. e4 Nc6 3. Bb5 g6 4. O-O Bg7 5. c3 e6 (5... Nf6 $11 {remains equal.}) 6. d4 $16 {B31: Sicilian: 2...Nc6 3 Bb5 g6.} cxd4 7. cxd4 ({Of course not} 7. Nxd4 Nf6 $11) 7... Qb6 8. Bxc6 {White is better.} bxc6 9. Nc3 Ne7 10. b3 O-O 11. Ba3 Re8 {[#]} 12. Re1 $146 ({Predecessor:} 12. Bc5 Qd8 13. e5 f5 14. exf6 Bxf6 15. Ne4 Bg7 16. Nd6 Rf8 17. Qc1 Ba6 18. Re1 {1-0 (38) Kuzin,A (2323)-Airapetian,T (2094) Tula 2004}) 12... a5 13. Bd6 Ba6 14. Na4 Qa7 15. Rc1 Nc8 16. Bc5 Qb8 17. e5 Bb5 (17... Qc7 $142) 18. Ng5 {[#] And now Qf3 would win.} d6 (18... d5 $16) 19. exd6 $2 (19. Qf3 $18 Qb7 20. exd6) 19... Nxd6 $11 20. Nb6 $36 {[%mdl 2048] White fights for an advantage.} Ra6 21. Nc4 Bxc4 22. bxc4 Nf5 23. Nf3 Rd8 24. g4 Nxd4 25. Nxd4 {Threatens to win with Rb1.} Bxd4 $2 (25... Qc8 $1 $11) 26. Bxd4 $18 c5 $2 {[#]} (26... Ra8 {might work better.}) 27. Be5 $1 Rxd1 28. Bxb8 Rd4 29. h3 h5 30. Be5 {White is clearly winning.} Rd3 31. Red1 Rxd1+ 32. Rxd1 {Rd8+ would kill now.} Ra8 33. g5 a4 34. a3 {Accuracy: White = 80%, Black = 53%.} 1-0

[Event "HUN-ch Rapid 2020"]
[Site "Ajka"]
[Date "2020.07.18"]
[Round "5.11"]
[White "Mihok, Oliver"]
[Black "Seres, Bela"]
[Result "1/2-1/2"]
[WhiteElo "2552"]
[BlackElo "2148"]
[Annotator "TA"]
[PlyCount "103"]
[EventDate "2020.07.17"]
[EventType "swiss"]
[EventCountry "HUN"]
[SourceTitle "playchess.com"]
[Source "ChessBase"]
[SourceQuality "1"]

{[%evp 26,103,30,6,33,0,0,0,0,0,76,88,85,77,81,79,86,0,33,37,32,32,32,32,32,33,40,37,45,43,44,35,35,0,0,6,7,0,0,0,0,0,0,0,25,41,37,0,8,16,37,37,37,38,46,44,44,37,39,0,0,0,0,0,0,0,0,0,0,0,0,-552,0,0,72,0,0,0,72,0]} 1. e4 e5 2. Nf3 Nf6 3. d4 Nxe4 4. Bd3 d5 5. Nxe5 Nd7 6. Nxd7 Bxd7 7. O-O Qh4 8. c4 O-O-O 9. c5 g5 10. Nc3 Bg7 11. g3 Qh3 12. Nxe4 dxe4 13. Bxe4 Bb5 14. Bg2 Qf5 {C43: Petroff Defence: 3 d4.} 15. Qb3 c6 16. Re1 {Strongly threatening d5!} Bxd4 {The position is equal.} 17. Be3 {[#]} Rhe8 $146 (17... Be5 $11) ({Predecessor:} 17... Be5 18. Rad1 h5 19. Bxc6 Bxc6 {0-1 (19) Offenborn,H (2098)-Fritsche,F (2170) GER email 2015}) 18. Bxd4 $16 Rxe1+ 19. Rxe1 Rxd4 20. Qc3 $1 {[%cal Rc3d4]} Qd7 21. Bf3 (21. h4 $16) 21... g4 22. Be4 Bd3 23. Bxd3 Rxd3 $14 {[%mdl 4096] Endgame KQR-KQR} 24. Qh8+ Kc7 $1 25. Qxh7 Rd1 26. Qe4 Rxe1+ 27. Qxe1 {KQ-KQ} Qd5 28. Qc1 f5 29. a3 b6 30. cxb6+ axb6 31. Qf1 Qd2 32. h4 gxh3 $1 33. Qxh3 Qxb2 34. Qh7+ Kd6 35. Qxf5 c5 36. Qf4+ Kd5 37. Qf3+ Kd6 38. Qd3+ Kc6 39. g4 Qc1+ 40. Kg2 c4 $1 {[%cal Rc4d3]} 41. Qe4+ Kb5 42. Qd5+ Ka4 43. Qd6 {[%csl Ga3][%cal Rd6b4]} Qxa3 44. Qxb6 c3 45. Qc6+ Kb3 {And now ...c2 would win.} 46. Qd5+ Kb2 {Hoping for ...c2.} 47. Qe5 Kb1 48. Qb5+ $2 {[%mdl 8192]} (48. Qe1+ $1 $11 {and White is okay.} Kb2 49. Qe5) 48... Qb2 $2 (48... Ka1 $1 $19 {...c2 is the strong threat.} 49. Qc4 Kb2) 49. Qf1+ $11 Qc1 {[#]} (49... Ka2 $11 50. Qa6+ Qa3 51. Qe2+ Kb1 52. Qe1+ Kb2) 50. Qb5+ ({White should try} 50. Qxc1+ $1 $16 Kxc1 51. g5) 50... Qb2 51. Qf1+ Qc1 {[#]} (51... Ka2 $11 52. Qa6+ Qa3 53. Qe2+ Kb3 54. Qe6+ Kb2) 52. Qb5+ {Accuracy: White = 73%, Black = 81%.} (52. Qxc1+ $1 $16 Kxc1 53. g5) 1/2-1/2

[Event "HUN-ch Rapid 2020"]
[Site "Ajka"]
[Date "2020.07.18"]
[Round "5.12"]
[White "Horvath, Adam"]
[Black "Fodor, Balazs"]
[Result "1-0"]
[WhiteElo "2488"]
[BlackElo "2154"]
[Annotator "TA"]
[PlyCount "41"]
[EventDate "2020.07.17"]
[EventType "swiss"]
[EventCountry "HUN"]
[SourceTitle "playchess.com"]
[Source "ChessBase"]
[SourceQuality "1"]

{[%evp 12,41,9,2,54,58,71,59,62,78,86,53,147,135,141,144,141,76,326,325,275,312,301,287,928,908,983,980,1009,1010,988,953]} 1. e4 c6 2. Nc3 d5 3. Nf3 Bg4 4. h3 Bxf3 5. Qxf3 e6 6. d4 Nf6 7. Bd3 Bb4 {B11: Caro-Kann: Two Knights Variation.} ({Better is} 7... dxe4 $11 8. Nxe4 (8. Bxe4 Qxd4 9. O-O Nbd7 $11) 8... Qxd4) 8. e5 $14 Nfd7 9. Qg3 Bf8 {White is slightly better.} 10. O-O c5 {[#]} 11. dxc5 $146 ({Predecessor:} 11. Nb5 c4 12. Be2 Qb6 13. Nd6+ Bxd6 14. Qxg7 Rf8 15. exd6 Qxd6 16. b3 Nc6 17. a4 {1-0 (48) Rudenko,N (2102)-Kononenko,D (2315) St Petersburg 2016}) 11... a6 (11... Nxc5 $14 12. Be2 Nc6) 12. b4 $36 {[%mdl 2048] Keeping Black busy.} Nc6 13. Rb1 Ndxe5 14. b5 (14. Na4 $142) 14... Nxd3 $2 {[#] Loses the game.} (14... axb5 $16 {might work better.} 15. Bxb5 Ng6) 15. bxc6 $18 (15. cxd3 Ne7 $16) (15. Qxd3 axb5 16. Nxb5 Be7 $11) 15... Nxc5 16. cxb7 Rb8 17. Be3 (17. Bg5 f6 $16) 17... d4 $2 {[#]} (17... Be7 18. Bd4 Rg8 19. Nxd5 (19. Bxg7 $2 Bd6 $19) 19... exd5) 18. Bxd4 $1 {[%mdl 512] White is clearly winning.} Rxb7 (18... Qxd4 19. Qxb8+) 19. Bxc5 Rxb1 20. Rxb1 ({Less strong is} 20. Nxb1 Bxc5 21. Qxg7 Qd4 $14) 20... Bxc5 21. Rb8 {Accuracy: White = 79%, Black = 38%.} 1-0

[Event "HUN-ch Rapid 2020"]
[Site "Ajka"]
[Date "2020.07.18"]
[Round "5.13"]
[White "Bagi, Mate"]
[Black "Szalanczi, Emil"]
[Result "1-0"]
[WhiteElo "2478"]
[BlackElo "2114"]
[Annotator "TA"]
[PlyCount "105"]
[EventDate "2020.07.17"]
[EventType "swiss"]
[EventCountry "HUN"]
[SourceTitle "playchess.com"]
[Source "ChessBase"]
[SourceQuality "1"]

{[%evp 9,105,14,34,10,43,25,22,28,43,41,79,52,56,54,92,38,36,50,47,38,49,51,56,0,61,68,63,0,58,28,110,120,106,109,120,117,160,131,172,68,118,48,302,222,395,390,386,380,751,770,744,727,661,660,1416,1412,1357,1345,4862,4635,3445,1596,10419,10054,7747,7424,6618,6511,6387,6250,5569,3299,5300,4902,2397,1311,1403,1358,1335,1266,2279,2209,2252,2497,2662,2402,1866,1789,29974,29975,29986,29975,29985,29986,29994,29995,29997,29998]} 1. e4 c5 2. Nf3 d6 3. d4 cxd4 4. Qxd4 Nf6 5. Nc3 Nc6 6. Bb5 {B53: Sicilian: 2...d6: Lines with Qxd4.} Qa5 {[#]} 7. Qd3 $146 ({Predecessor:} 7. e5 Qxb5 8. Nxb5 Nxd4 9. Nfxd4 dxe5 10. Nc7+ Kd7 11. Nxa8 exd4 12. Bf4 e5 13. Bxe5 Bd6 {1-0 (27) Hujbert,F (2456)-Szalanczy,E (2285) Budapest 2013}) 7... a6 8. Bxc6+ {The position is equal.} bxc6 9. O-O Bd7 10. Re1 e5 11. Bg5 Be7 12. Rad1 ({White should play} 12. Bxf6 $16 gxf6 13. Rad1) 12... Rd8 13. Bxf6 gxf6 14. Nh4 Rg8 15. h3 Rg5 16. Qf3 (16. b3 $14) 16... Qb6 (16... Be6 $11) 17. b3 $1 $14 Be6 18. Rd3 (18. Ne2 $14) 18... Kf8 (18... d5 $11) 19. Red1 Kg8 (19... Qa5 $1 $11 {remains equal.}) 20. Na4 $16 Qc7 {[#]} 21. c4 $1 Kh8 22. Nc3 {[%cal Ba4c3,Bc3e2,Be2g3][%mdl 32]} Rdg8 23. Ne2 Qa5 {[#]} 24. R1d2 (24. Ng3 $1 $18) 24... Qc5 25. Kh2 (25. Nc3 $16) 25... R8g6 $2 {[%mdl 8192] Now Black is done in.} (25... f5 $14 26. Ng3 (26. exf5 d5 $11) 26... f4) 26. Ng3 a5 $2 (26... Rg7 27. Kh1 Qa7) 27. Nxg6+ $18 hxg6 {[#]} 28. Rxd6 $1 {[%mdl 512]} Kg7 $2 {[#]} (28... Bxd6 29. Qxf6+ {[%mdl 64] Double Attack} Kh7) (28... Qxd6 29. Rxd6) 29. Rxe6 $1 {[%mdl 64] Remove Defender} fxe6 30. h4 Rxg3 31. Qxg3 {[%mdl 4096] Endgame KQR-KQB} Kf7 {[#]} 32. h5 $1 gxh5 33. Qh3 Bd6 34. Qxh5+ Ke7 35. Qh7+ Ke8 36. Qg6+ Kd7 37. Qf7+ Kc8 38. Qxe6+ {[%mdl 64] Double Attack} Kc7 39. Qxf6 Be7 40. Qf5 Kb6 41. Qc8 Bd6 42. Qe6 Bc7 43. Qh6 Qe7 44. Qe3+ Kb7 45. c5 Qh4+ 46. Kg1 Qh5 47. a3 Qf7 48. Qd3 Qf4 49. b4 {[%cal Bb3b4,Bb4b5,Bb5c6][%mdl 32] White mates.} a4 50. g3 Qg4 51. b5 Ba5 52. bxc6+ Kb8 {[#]} 53. Qb5+ $1 {[%mdl 64] Double Attack. Accuracy: White = 73%, Black = 30%.} 1-0

[Event "HUN-ch Rapid 2020"]
[Site "Ajka"]
[Date "2020.07.18"]
[Round "5.14"]
[White "Terbe, Julianna"]
[Black "Horvath, Jozsef"]
[Result "1-0"]
[WhiteElo "2273"]
[BlackElo "2438"]
[Annotator "TA"]
[PlyCount "95"]
[EventDate "2020.07.17"]
[EventType "swiss"]
[EventCountry "HUN"]
[SourceTitle "playchess.com"]
[Source "ChessBase"]
[SourceQuality "1"]

{[%evp 10,95,35,19,74,-37,-54,-29,-41,-43,-31,-38,-40,-39,-31,-86,13,12,20,19,19,0,0,0,0,2,-6,0,0,0,48,40,57,23,72,93,47,0,111,107,95,103,100,92,245,12,405,375,343,0,0,8,114,-8,-8,-13,-10,-9,0,0,0,-51,-37,-46,-66,-69,-11,-29,0,0,0,0,0,0,0,0,0,0,0,0,0,0,0,0,1779,1760,1760,1207]} 1. d4 b6 2. e4 Bb7 3. Nc3 e6 4. Bd3 Nf6 5. Nf3 Bb4 6. Qe2 c5 {B00: Queen's Fianchetto Defence, Nimzowitsch Defence.} (6... d5 $11 7. exd5 Nxd5) 7. a3 (7. dxc5 $16 bxc5 8. e5) 7... Bxc3+ $1 $15 8. bxc3 c4 {Black has an edge.} 9. Bxc4 Nxe4 10. Bb2 Qc7 11. O-O O-O 12. Bd3 {[#]} (12. Rfe1 $15) 12... d5 $146 ({Better is} 12... Nxc3 $17 13. Qe3 Nd5) ({Predecessor:} 12... Nxc3 13. Bxh7+ Kxh7 14. Ng5+ Kg6 15. Qg4 Qf4 16. Qxf4 Ne2+ 17. Kh1 Nxf4 18. Nf3 Nc6 {0-1 (41) Fortes Gil,J (2115)-Fernandez Ruiz,J (2005) Barcelona 2002}) 13. c4 $11 Nd7 14. cxd5 exd5 15. c4 Rfe8 {White must now prevent ...Ng3!} 16. Ne5 $36 {[%mdl 2048] White has the initiative.} Nxe5 17. dxe5 {With the idea cxd5.} Nc5 18. cxd5 $1 Bxd5 19. Bb5 Re6 20. f4 Rg6 21. g3 Ne4 {Strongly threatening ...Qc5+.} 22. Rac1 Qe7 23. Qd3 Bb7 (23... Nxg3 $11 {keeps the balance.} 24. hxg3 (24. Qxd5 Nxf1+ 25. Kxf1 Rd8 $11) 24... Qh4) 24. f5 $16 Rg4 25. f6 gxf6 26. exf6 Qd8 $2 {[#]} (26... Qd6 $16) 27. Qf3 $2 (27. Qxd8+ $1 $18 Rxd8 28. Rfd1) 27... h5 $2 {[%mdl 8192]} (27... Rg5 $11 {and Black stays safe.} 28. Bc6 Bxc6 29. Rxc6 Qd5) 28. Rfd1 $18 Qf8 29. Bc6 $2 (29. Rd7 $18 Rb8 30. Qe3) 29... Bxc6 $11 30. Rxc6 {next Rd4 is good for White.} Rc8 (30... Qe8 $11 31. Rc7 Ng5) 31. Rdc1 (31. Rxc8 $16 Qxc8 32. Rd5) 31... Rxc6 32. Rxc6 {aiming for Qf5.} Qe8 33. Rc1 Ng5 34. Qf5 {Threatens to win with Rc8!} Qe3+ 35. Kh1 (35. Kf1 $11 Qf3+ 36. Qxf3 Nxf3 37. Ke2 Nd4+ 38. Ke3 Nf5+ 39. Kf2) 35... Qe4+ $15 36. Qxe4 Rxe4 {[%mdl 4096] Endgame KRB-KRN} 37. h4 Nf3 ({Black should try} 37... Ne6 $15) 38. Rf1 Nd2 39. Rf5 Re1+ 40. Kg2 Re2+ 41. Kh3 Ne4 42. Bd4 Rd2 43. Be3 Rd3 44. Bf4 Rxa3 45. Rxh5 Nxf6 46. Rg5+ Kf8 $2 {[%mdl 8192]} (46... Kh7 $11) 47. Bd6+ $18 {[%mdl 64] [#] Double Attack} Ke8 48. Bxa3 {Accuracy: White = 68%, Black = 54%.} 1-0

[Event "HUN-ch Rapid 2020"]
[Site "Ajka"]
[Date "2020.07.18"]
[Round "5.15"]
[White "Karacsonyi, Gellert"]
[Black "Mester, Gyula"]
[Result "1/2-1/2"]
[WhiteElo "2292"]
[BlackElo "2341"]
[Annotator "TA"]
[PlyCount "47"]
[EventDate "2020.07.17"]
[EventType "swiss"]
[EventCountry "HUN"]
[SourceTitle "playchess.com"]
[Source "ChessBase"]
[SourceQuality "1"]

{[%evp 18,47,34,34,34,34,36,27,38,21,27,0,60,42,48,18,57,-83,92,94,85,97,119,130,156,147,223,239,226,235,227,220]} 1. e4 c5 2. Nf3 Nc6 3. d4 cxd4 4. Nxd4 Nf6 5. Nc3 d6 6. f3 e5 7. Nb3 Be7 8. Be3 O-O 9. Qd2 a5 10. Bb5 Na7 {B56: Classical Sicilian: Unusual Lines.} 11. Bxa7 Rxa7 12. O-O-O Be6 {White has an edge.} 13. Kb1 Ra8 14. g4 {[#]} Qb8 $146 ({Black should try} 14... Qb6 $11) ({Predecessor:} 14... Rc8 15. h4 Nd7 16. Nd5 Bxd5 17. Qxd5 Nb6 18. Qd3 a4 19. Nc1 Qc7 20. a3 Rfd8 {0-1 (46) So,W (2780)-Vidit,S (2718) chess.com INT 2018}) 15. h4 Rd8 16. Qf2 a4 17. Nxa4 (17. Bxa4 $14 {keeps the upper hand.} d5 18. exd5 (18. g5 d4 $11) 18... Nxd5 19. Nxd5 Bxd5 20. Bb5) 17... d5 $2 {[#]} (17... Rxa4 $17 {stays on course.} 18. Bxa4 b5) 18. g5 $16 Nh5 19. exd5 Bxd5 20. Nc3 $36 {[%mdl 2048] White has strong initiative.} Bxb3 21. cxb3 {White is clearly better.} ({Don't take} 21. axb3 $6 Qc7 $14) 21... Nf4 {[#]} (21... Qc7 $16 22. Nd5 Qc5 23. Qxc5 Bxc5) 22. Rxd8+ $1 $18 Qxd8 23. Rd1 Qa5 24. Rd7 {Accuracy: White = 73%, Black = 50%.} 1/2-1/2

[Event "HUN-ch Rapid 2020"]
[Site "Ajka"]
[Date "2020.07.18"]
[Round "5.16"]
[White "Csati, Oliver"]
[Black "Kantor, Gergely"]
[Result "0-1"]
[WhiteElo "2256"]
[BlackElo "2530"]
[Annotator "TA"]
[PlyCount "61"]
[EventDate "2020.07.17"]
[EventType "swiss"]
[EventCountry "HUN"]
[SourceTitle "playchess.com"]
[Source "ChessBase"]
[SourceQuality "1"]

{[%evp 13,61,0,6,0,20,0,0,0,0,0,6,-6,-9,-15,0,0,12,0,0,17,65,56,46,0,9,-2,0,0,51,20,77,24,70,73,82,82,82,82,82,82,81,71,85,63,74,65,102,22,69,76]} 1. e4 e5 2. Nf3 Nc6 3. Nc3 Nf6 4. d4 exd4 5. Nxd4 Bc5 6. Nxc6 bxc6 7. Bd3 d6 {With the idea ...Ng4.} 8. O-O {C47: Scotch Four Knights and Four Knights with 4 g3.} Ng4 {[#] And now ...Qh4! would win.} 9. h3 Ne5 10. Na4 {The position is equal.} Bb6 11. Nxb6 axb6 12. Be2 O-O 13. b3 Qh4 14. f4 {[#]} Nd7 $146 ({Predecessor:} 14... Ng6 15. Qd4 c5 16. Qc3 Bb7 17. Bb5 Ne7 18. Bb2 Qh6 19. Qe3 f5 {½-½ (19) Pritchard,O (2103)-Istomin,A (2223) ICCF email 2018}) 15. Bb2 Nc5 16. Qd4 {[%csl Gb2][%cal Rd4g7] [#]} Ne6 17. Qe3 Re8 18. Bd3 Nc5 19. Qf3 Nxd3 20. cxd3 $40 {[%mdl 128] White has some attack.} f5 (20... c5 $11) 21. e5 d5 (21... Bd7 $11) 22. a3 (22. d4 $16) 22... Ba6 23. Rac1 Qh6 24. Rf2 Qe6 25. d4 Qd7 26. Rfc2 Re6 27. Rc3 h6 28. Qf2 Rf8 29. Qc2 {[%cal Rc3c6]} Bb7 30. Qd3 (30. b4 $16) 30... g5 31. b4 {[%mdl 32768] Accuracy: White = 80%, Black = 76%. . Loss on time!?} 0-1

[Event "HUN-ch Rapid 2020"]
[Site "Ajka"]
[Date "2020.07.18"]
[Round "5.17"]
[White "Borhy, Marcell"]
[Black "Fancsy, Imre"]
[Result "1/2-1/2"]
[WhiteElo "2311"]
[BlackElo "2352"]
[Annotator "TA"]
[PlyCount "89"]
[EventDate "2020.07.17"]
[EventType "swiss"]
[EventCountry "HUN"]
[SourceTitle "playchess.com"]
[Source "ChessBase"]
[SourceQuality "1"]

{[%evp 24,89,0,0,0,0,0,0,0,2,0,0,10,12,26,18,20,14,14,18,21,6,20,0,0,-82,-82,-83,-37,-48,-12,-6,10,8,28,28,11,0,18,15,20,15,16,21,24,23,86,7,8,6,6,8,8,4,6,6,5,4,2,0,0,0,0,0,0,0,5,-61]} 1. d4 d5 2. c4 e6 3. Nf3 Nf6 4. g3 Bb4+ 5. Bd2 Be7 6. Bg2 O-O 7. O-O c6 8. Qc2 Nbd7 9. Bf4 b6 10. Rd1 Bb7 11. Ne5 Nh5 12. Bc1 Nhf6 13. Bf4 Nh5 {E08: Closed Catalan: Main Line: 7 Qc2.} 14. Bd2 Nhf6 15. cxd5 cxd5 16. Nc6 Bxc6 17. Qxc6 Rc8 18. Qb5 Qc7 19. Nc3 Qb7 20. Qd3 {[#]} h6 $146 ({Predecessor:} 20... Nb8 21. e4 dxe4 22. Nxe4 Qd7 23. Nxf6+ Bxf6 24. Be3 Rfd8 25. Qe2 Qa4 26. d5 Rc2 27. Qh5 exd5 28. Bxd5 Qe8 29. Qf5 Rxb2 30. Be4 Rb4 31. Qxh7+ Kf8 32. Rxd8 Qxd8 33. Rc1 Na6 34. Rc8 {1-0 (32) Tkachiev,V (2629)-Adair,J (2428) London 2014}) 21. Rac1 Rfd8 22. Bf4 Nh5 23. Be5 Nhf6 24. Nb5 (24. Bf4 $1 $11 {was the only way to keep the balance.}) 24... Nxe5 $17 25. dxe5 Nd7 26. Rxc8 Qxc8 (26... Rxc8 {keeps more tension.} 27. f4 Qa6 28. Nc3 Qxd3 29. Rxd3 Bb4) 27. f4 $1 Qc5+ 28. Nd4 Rc8 29. e4 dxe4 30. Bxe4 Nb8 31. a3 a5 32. Kg2 Rd8 33. Bf3 g6 34. Qe4 {Nxe6! is the strong threat.} Kg7 {[#]} (34... Qc4 $11 {keeps the balance.}) 35. Nb3 (35. g4 $1 $16) 35... Qb5 $11 {The position is equal.} 36. Rxd8 Bxd8 37. Qc2 Be7 38. Nd4 Qd7 39. Qc4 Bc5 40. Nb3 Be7 41. Qd4 Qxd4 42. Nxd4 Bc5 43. Nb3 Be3 44. a4 Nd7 45. Kf1 {Accuracy: White = 87%, Black = 91%.} (45. Bc6 $11 Nc5 46. Kf3) 1/2-1/2

[Event "HUN-ch Rapid 2020"]
[Site "Ajka"]
[Date "2020.07.18"]
[Round "5.18"]
[White "Juhasz, Barbara"]
[Black "Csonka, Balazs"]
[Result "1/2-1/2"]
[WhiteElo "2223"]
[BlackElo "2498"]
[Annotator "TA"]
[PlyCount "38"]
[EventDate "2020.07.17"]
[EventType "swiss"]
[EventCountry "HUN"]
[SourceTitle "playchess.com"]
[Source "ChessBase"]
[SourceQuality "1"]

{[%evp 20,38,3,6,30,39,34,34,29,39,44,39,35,22,25,24,24,20,26,17,43]} 1. e4 e5 2. Nf3 Nc6 3. Bb5 a6 4. Ba4 Nf6 5. O-O Be7 6. Bxc6 dxc6 7. d3 Nd7 8. Nbd2 O-O 9. Nc4 f6 10. Nh4 Nc5 11. Nf5 Kh8 {C85: Closed Ruy Lopez: Deferred Exchange Variation.} 12. Nxe7 Qxe7 13. f4 exf4 {[#] White is slightly better.} 14. Bxf4 $146 ({Predecessor:} 14. Rxf4 Be6 15. Ne3 Rad8 16. Bd2 Nd7 17. Bc3 Ne5 18. Qe1 c5 19. Qg3 Ng6 20. Rf2 {½-½ (42) Geller,J (2505)-Khairullin,I (2533) Cheboksary 2006}) 14... Ne6 15. Bg3 b6 16. Kh1 c5 17. Ne3 Bb7 18. Qg4 Rad8 19. Rae1 Qd7 {Accuracy: White = 100%, Black = 88%.} 1/2-1/2